[Event "Mittelrhein Regionalliga 1920"]
[Site "Mittelrhein"]
[Date "2020.02.16"]
[Round "6.4"]
[White "Brochhagen, Thomas"]
[Black "Mays, Stephan"]
[Result "0-1"]
[WhiteElo "1944"]
[BlackElo "1960"]
[PlyCount "60"]
[EventDate "2019.09.29"]
[EventType "team-tourn"]
[EventRounds "9"]
[EventCountry "GER"]
[SourceTitle "EXT 2023"]
[Source "ChessBase"]
[SourceDate "2022.10.05"]
[SourceVersion "1"]
[SourceVersionDate "2022.10.05"]
[SourceQuality "1"]
[WhiteTeam "Langenfeld II"]
[BlackTeam "Koeln Ford SF"]
[WhiteTeamCountry "GER"]
[BlackTeamCountry "GER"]

1. d4 Nf6 2. Nf3 d6 3. Bg5 c6 4. c3 Nbd7 5. Nbd2 Qc7 6. e4 e5 7. Bd3 g6 8. 0-0 Bg7 9. dxe5 dxe5 10. a4 0-0 11. Re1 h6 12. Bxf6 Bxf6 13. Qc2 Nc5 14. Bf1 Be6 15. b4 Nd7 16. Bc4 Bg4 17. h3 Bxf3 18. Nxf3 Rfd8 19. a5 Nf8 20. Qb3 Rd6 21. Red1 Rad8 22. Kf1 Ne6 23. g3 Ng5 24. Nxg5 Bxg5 25. Ke2 Rd2+ 26. Kf3 Qe7 27. Rxd2 Rxd2 28. Kg2 Qf6 29. Rf1 Be3 30. Kh1 Qf3+ 0-1

[Event "Mittelrhein Regionalliga 18/19"]
[Site "Nordrheinwestfalen"]
[Date "2019.04.07"]
[Round "9.7"]
[White "Mays, Stephan"]
[Black "Dick, Matthias"]
[Result "1/2-1/2"]
[WhiteElo "1986"]
[BlackElo "1994"]
[PlyCount "30"]
[EventDate "2018.10.28"]
[EventType "team-tourn"]
[EventRounds "11"]
[EventCountry "GER"]
[SourceTitle "EXT 2022"]
[Source "ChessBase"]
[SourceDate "2021.10.06"]
[SourceVersion "1"]
[SourceVersionDate "2021.10.06"]
[SourceQuality "1"]
[WhiteTeam "Koeln Ford SF"]
[BlackTeam "Koeln SF II"]
[WhiteTeamCountry "GER"]
[BlackTeamCountry "GER"]

1. d4 d5 2. Nf3 Nf6 3. Bf4 c5 4. e3 e6 5. c3 Bd6 6. Bg3 Qc7 7. Nbd2 0-0 8. Bd3 Nbd7 9. Bxd6 Qxd6 10. 0-0 e5 11. dxe5 Nxe5 12. Nxe5 Qxe5 13. Qf3 Bg4 14. Qg3 Qxg3 15. hxg3 Rad8 1/2-1/2

[Event "Mittelrhein Regionalliga 18/19"]
[Site "Nordrheinwestfalen"]
[Date "2019.02.10"]
[Round "7.8"]
[White "Kathstede, Gerd"]
[Black "Mays, Stephan"]
[Result "1/2-1/2"]
[WhiteElo "1930"]
[BlackElo "2004"]
[PlyCount "47"]
[EventDate "2018.10.28"]
[EventType "team-tourn"]
[EventRounds "11"]
[EventCountry "GER"]
[SourceTitle "EXT 2022"]
[Source "ChessBase"]
[SourceDate "2021.10.06"]
[SourceVersion "1"]
[SourceVersionDate "2021.10.06"]
[SourceQuality "1"]
[WhiteTeam "Aachen DJK Aufwärts III"]
[BlackTeam "Koeln Ford SF"]
[WhiteTeamCountry "GER"]
[BlackTeamCountry "GER"]

1. e4 d6 2. d4 Nf6 3. Nc3 c6 4. Nf3 Bg4 5. Be3 Qa5 6. Qd2 Nbd7 7. Bd3 e5 8. 0-0-0 0-0-0 9. Kb1 h6 10. Ne2 Qxd2 11. Nxd2 Bxe2 12. Bxe2 Kc7 13. f4 exd4 14. Bxd4 c5 15. Bc3 d5 16. e5 d4 17. Bxd4 Nd5 18. Bc3 Nxf4 19. Bc4 f6 20. g3 Ng6 21. exf6 Nxf6 22. Bf7 Ne7 23. Bxf6 gxf6 24. Ne4 1/2-1/2

[Event "Mittelrhein Verbandsliga-N 17/18"]
[Site "Nordrheinwestfalen"]
[Date "2018.01.14"]
[Round "6.2"]
[White "Zyla, Lennert"]
[Black "Mays, Stephan"]
[Result "1/2-1/2"]
[WhiteElo "1921"]
[BlackElo "2025"]
[PlyCount "56"]
[EventDate "2017.09.10"]
[EventType "team-swiss"]
[EventRounds "11"]
[EventCountry "GER"]
[SourceTitle "EXT 2022"]
[Source "ChessBase"]
[SourceDate "2021.10.06"]
[SourceVersion "1"]
[SourceVersionDate "2021.10.06"]
[SourceQuality "1"]
[WhiteTeam "Porz SG IV"]
[BlackTeam "Koeln Ford SF"]
[WhiteTeamCountry "GER"]
[BlackTeamCountry "GER"]

1. e4 d6 2. Nf3 Nf6 3. Nc3 g6 4. d4 Bg7 5. Bc4 Nc6 6. a3 Bg4 7. Be3 e5 8. dxe5 Nxe5 9. Be2 Be6 10. Nd4 Bc4 11. f4 Bxe2 12. Qxe2 Ned7 13. 0-0 0-0 14. Rae1 Nc5 15. Qf3 Nfd7 16. Qh3 Re8 17. Bf2 Ne6 18. Nxe6 fxe6 19. Bh4 Bf6 20. Bxf6 Qxf6 21. e5 dxe5 22. fxe5 Qe7 23. Ne4 Rf8 24. Nf6+ Nxf6 25. exf6 Rxf6 26. Rxf6 Qxf6 27. Qxe6+ Qxe6 28. Rxe6 Kf7 1/2-1/2

[Event "Mittelrhein Verbandsliga-M 16/17"]
[Site "Nordrheinwestfalen"]
[Date "2017.03.19"]
[Round "9.4"]
[White "Mays, Stephan"]
[Black "Yang, Daniel"]
[Result "1/2-1/2"]
[WhiteElo "2038"]
[BlackElo "1707"]
[PlyCount "39"]
[EventDate "2016.09.11"]
[EventType "team-tourn"]
[EventRounds "11"]
[EventCountry "GER"]
[SourceTitle "EXT 2022"]
[Source "ChessBase"]
[SourceDate "2021.10.06"]
[SourceVersion "1"]
[SourceVersionDate "2021.10.06"]
[SourceQuality "1"]
[WhiteTeam "Koeln Ford SF"]
[BlackTeam "Porz SG V"]
[WhiteTeamCountry "GER"]
[BlackTeamCountry "GER"]

1. d4 Nf6 2. Nf3 e6 3. e3 b6 4. Nbd2 Bb7 5. Bd3 Be7 6. 0-0 0-0 7. Re1 c5 8. c3 d5 9. Ne5 Nbd7 10. f4 Ne8 11. Rf1 f6 12. Nxd7 Qxd7 13. Qe2 f5 14. Nf3 Nf6 15. Ne5 Qe8 16. Bb5 Qh5 17. Qxh5 Nxh5 18. Bd7 Bc8 19. Bc6 Rb8 20. Bb5 1/2-1/2

[Event "Mittelrhein Verbandsliga-M 16/17"]
[Site "Nordrheinwestfalen"]
[Date "2016.12.18"]
[Round "5.4"]
[White "Mays, Stephan"]
[Black "Porn, Juergen"]
[Result "1/2-1/2"]
[WhiteElo "2038"]
[BlackElo "1933"]
[PlyCount "35"]
[EventDate "2016.09.11"]
[EventType "team-tourn"]
[EventRounds "11"]
[EventCountry "GER"]
[SourceTitle "EXT 2022"]
[Source "ChessBase"]
[SourceDate "2021.10.06"]
[SourceVersion "1"]
[SourceVersionDate "2021.10.06"]
[SourceQuality "1"]
[WhiteTeam "Koeln Ford SF"]
[BlackTeam "Esch SF"]
[WhiteTeamCountry "GER"]
[BlackTeamCountry "GER"]

1. d4 Nf6 2. Nf3 c5 3. c3 b6 4. e3 e6 5. Nbd2 cxd4 6. exd4 Be7 7. Bd3 Bb7 8. Qe2 a6 9. 0-0 d6 10. Re1 Ra7 11. Ng5 0-0 12. Nde4 Nxe4 13. Nxe4 Nd7 14. Ng3 g6 15. Bh6 Re8 16. Nh5 Bg5 17. Bxg5 Qxg5 18. Ng3 1/2-1/2

[Event "Mittelrhein Verbandsliga-M 16/17"]
[Site "Nordrheinwestfalen"]
[Date "2016.10.23"]
[Round "3.4"]
[White "Mays, Stephan"]
[Black "Hermann, Waldemar"]
[Result "1-0"]
[WhiteElo "2038"]
[BlackElo "1994"]
[PlyCount "107"]
[EventDate "2016.09.11"]
[EventType "team-tourn"]
[EventRounds "11"]
[EventCountry "GER"]
[SourceTitle "EXT 2022"]
[Source "ChessBase"]
[SourceDate "2021.10.06"]
[SourceVersion "1"]
[SourceVersionDate "2021.10.06"]
[SourceQuality "1"]
[WhiteTeam "Koeln Ford SF"]
[BlackTeam "Koeln Muelheim"]
[WhiteTeamCountry "GER"]
[BlackTeamCountry "GER"]

1. g3 Nf6 2. c4 e5 3. Nc3 d5 4. cxd5 Nxd5 5. Bg2 Nf6 6. Nf3 Nc6 7. d3 Be7 8. 0-0 0-0 9. h3 h6 10. Be3 Be6 11. Kh2 Nd5 12. Bd2 Qd7 13. Nxd5 Bxd5 14. e4 Be6 15. Bc3 Bf6 16. Qc2 Rac8 17. b4 g6 18. Rad1 Bg7 19. Qb2 Nd4 20. Nxd4 exd4 21. Bd2 c5 22. bxc5 Rxc5 23. Bb4 Rb5 24. a4 Rb6 25. a5 Rb5 26. Qa3 Rc8 27. Rc1 Rxc1 28. Rxc1 Bxh3 29. Rc5 Bxg2 30. Kxg2 Rxc5 31. Bxc5 a6 32. Qb4 Kh7 33. f4 g5 34. fxg5 hxg5 35. Qc4 Kg8 36. Bb6 Be5 37. Qc5 f6 38. Kf2 Kf7 39. g4 Kg7 40. Kf3 Kf7 41. Qd5+ Qxd5 42. exd5 Ke7 43. Ke4 Kd7 44. Bxd4 Bxd4 45. Kxd4 Kd6 46. Kc4 f5 47. gxf5 Ke5 48. d6 Kxd6 49. d4 g4 50. Kd3 b5 51. axb6 g3 52. Ke2 a5 53. f6 g2 54. Kf2 1-0

[Event "Mittelrhein Regionalliga 15/16"]
[Site "Nordrheinwestfalen"]
[Date "2015.12.13"]
[Round "4.4"]
[White "Peters, Alex"]
[Black "Mays, Stephan"]
[Result "1/2-1/2"]
[WhiteElo "2187"]
[BlackElo "2029"]
[PlyCount "69"]
[EventDate "2015.09.27"]
[EventType "team-tourn"]
[EventRounds "9"]
[EventCountry "GER"]
[SourceTitle "EXT 2022"]
[Source "ChessBase"]
[SourceDate "2021.10.06"]
[SourceVersion "1"]
[SourceVersionDate "2021.10.06"]
[SourceQuality "1"]
[WhiteTeam "Bruehl"]
[BlackTeam "Koeln Ford SF"]
[WhiteTeamCountry "GER"]
[BlackTeamCountry "GER"]

1. b3 g6 2. Bb2 Nf6 3. e3 Bg7 4. d4 0-0 5. Nf3 d5 6. Be2 c5 7. 0-0 cxd4 8. exd4 Nc6 9. Nbd2 Bg4 10. h3 Bf5 11. Nh4 Bc8 12. Nhf3 Bf5 13. Nh4 Bc8 14. Re1 Qb6 15. c3 Re8 16. Bf1 Nh5 17. Ndf3 Nf4 18. Bc1 Qc7 19. Ne5 Nh5 20. Nxc6 bxc6 21. Nf3 Nf6 22. Bd3 Nd7 23. Bg5 f6 24. Bh4 e5 25. dxe5 fxe5 26. Rc1 c5 27. c4 d4 28. Ng5 Nf6 29. Ne4 Nxe4 30. Bxe4 Bb7 31. Qd3 a5 32. Rc2 a4 33. Rce2 axb3 34. axb3 Ra3 35. f4 1/2-1/2

[Event "Mittelrhein Regionalliga 1415"]
[Site "Mittelrhein"]
[Date "2014.11.09"]
[Round "3.2"]
[White "Keller, Thomas L"]
[Black "Mays, Stephan"]
[Result "1-0"]
[WhiteElo "2247"]
[BlackElo "2051"]
[PlyCount "79"]
[EventDate "2014.09.28"]
[EventType "team-tourn"]
[EventRounds "9"]
[EventCountry "GER"]
[SourceTitle "EXT 2023"]
[Source "ChessBase"]
[SourceDate "2022.10.05"]
[SourceVersion "1"]
[SourceVersionDate "2022.10.05"]
[SourceQuality "1"]
[WhiteTeam "Bruehl"]
[BlackTeam "Koeln Ford SF"]
[WhiteTeamCountry "GER"]
[BlackTeamCountry "GER"]

1. e4 d6 2. d4 Nf6 3. Nc3 c6 4. f4 Qa5 5. Bd3 e5 6. Nf3 Bg4 7. Be3 d5 8. fxe5 dxe4 9. exf6 exf3 10. gxf3 Be6 11. fxg7 Bxg7 12. Rg1 Bf6 13. Qd2 Bh4+ 14. Ke2 Qh5 15. Bg5 h6 16. Bf4 Nd7 17. Ne4 Be7 18. Rae1 Qd5 19. Qe3 0-0-0 20. Bg3 Rhg8 21. Qf4 Rxg3 22. Rxg3 Qxd4 23. Qe3 Qxe3+ 24. Kxe3 Bh4 25. Rh1 Bxg3 26. hxg3 Rh8 27. f4 Kc7 28. Kf3 Bd5 29. c4 Bxe4+ 30. Bxe4 Kd6 31. Bf5 Nf8 32. g4 Ne6 33. Bxe6 Kxe6 34. g5 h5 35. Re1+ Kd6 36. Kg3 h4+ 37. Kh3 f5 38. Re5 Rf8 39. Kxh4 Rh8+ 40. Kg3 1-0

[Event "Mittelrhein Regionalliga 1314"]
[Site "Mittelrhein"]
[Date "2013.10.13"]
[Round "2.7"]
[White "Kutzner, Stephen"]
[Black "Mays, Stephan"]
[Result "0-1"]
[WhiteElo "2004"]
[BlackElo "2060"]
[PlyCount "36"]
[EventDate "2013.09.15"]
[EventType "team-tourn"]
[EventRounds "11"]
[EventCountry "GER"]
[SourceTitle "EXT 2023"]
[Source "ChessBase"]
[SourceDate "2022.10.05"]
[SourceVersion "1"]
[SourceVersionDate "2022.10.05"]
[SourceQuality "1"]
[WhiteTeam "Godesberg III"]
[BlackTeam "Koeln Ford SF"]
[WhiteTeamCountry "GER"]
[BlackTeamCountry "GER"]

1. e4 e6 2. d4 d5 3. Nc3 Nc6 4. Nf3 Nf6 5. e5 Ne4 6. Bd3 Bb4 7. Bd2 Nxd2 8. Qxd2 0-0 9. a3 Be7 10. 0-0-0 f6 11. Kb1 fxe5 12. dxe5 a6 13. h4 b5 14. Ng5 h6 15. Bh7+ Kh8 16. f4 b4 17. Qd3 Rxf4 18. Bg8 Qxg8 0-1

[Event "NRW Class2 1112"]
[Site "Germany"]
[Date "2012.02.05"]
[Round "6.3"]
[White "Adamski, Jan"]
[Black "Mays, Stephan"]
[Result "1-0"]
[WhiteElo "2288"]
[BlackElo "2105"]
[PlyCount "51"]
[EventDate "2011.09.18"]
[EventType "team-tourn"]
[EventRounds "9"]
[EventCountry "GER"]
[SourceTitle "EXT 2015"]
[Source "ChessBase"]
[SourceDate "2014.11.20"]
[SourceVersion "1"]
[SourceVersionDate "2014.11.20"]
[SourceQuality "1"]
[WhiteTeam "Letmathe"]
[BlackTeam "Koeln Ford SF"]
[WhiteTeamCountry "GER"]
[BlackTeamCountry "GER"]

1. Nf3 d6 2. d4 Nd7 3. c4 Ngf6 4. Nc3 c6 5. e4 e5 6. Be2 Be7 7. 0-0 0-0 8. Qc2 h6 9. Be3 Ng4 10. Bd2 Ngf6 11. Rad1 Qc7 12. Be3 Ng4 13. Bc1 Ngf6 14. h3 Nh7 15. Be3 Ndf6 16. b4 exd4 17. Nxd4 d5 18. cxd5 Bxb4 19. dxc6 Bxc3 20. Qxc3 Nxe4 21. Qc2 Neg5 22. cxb7 Qxb7 23. h4 Ne4 24. Bb5 Qe7 25. Bc6 Bb7 26. Nf5 1-0